Zmeny vo vývoji ekonomických systémov

Príspevok je pohľadom na niektoré významné zmeny prebiehajúce v reálne fungujúcich ekonomických systémoch od konca 50. rokov 20. storočia, ktoré však postupne viedli ku globálnej kríze. Uvádza tiež niektoré názory o tom, ako by mala vyzerať alternatíva k doterajším ekonomickým systémom.

Gespeichert in:
Bibliographische Detailangaben
1. Verfasser: Piovarčiová, Veronika, 1951-
Format: Buchkapitel
Sprache:Slowakisch
Schlagworte:
Tags: Tag hinzufügen
Keine Tags, Fügen Sie das erste Tag hinzu!

MARC

LEADER 00000nla a2200000 4500
001 0171902
005 20240502072939.9
041 0 |a slo 
044 |a SK 
245 1 0 |a Zmeny vo vývoji ekonomických systémov  |c Veronika Piovarčiová 
520 |a Príspevok je pohľadom na niektoré významné zmeny prebiehajúce v reálne fungujúcich ekonomických systémoch od konca 50. rokov 20. storočia, ktoré však postupne viedli ku globálnej kríze. Uvádza tiež niektoré názory o tom, ako by mala vyzerať alternatíva k doterajším ekonomickým systémom. 
610 2 0 |a systémy ekonomické 
610 2 0 |a kríza hospodárska 
610 2 0 |a spoločnosť vedomostná 
100 1 |a Piovarčiová, Veronika, 1951-